000 00733cab a2200241 4500
001 ABS56734
008 090401t1997 xxu||||| |||| 00| 0 eng d
035 _a(Sirsi) u77196
041 _aeng
100 _aPrivett, K.
245 _aBarriers, liners and covers for contaminated land
260 _c1997
350 _a0
490 _aCSM (Chartered Surveyor Monthly)
_v6(6) March 1997, 34-35(2)
520 _aReviews physical contaminant barriers for remediation of land as described in a recent report by CIRIA (CIRIA SP124).
650 _aCIRIA SP124
650 _aCONTAMINATED LAND
650 _aContamination
_96231
650 _aPHYSICAL CONTAMINANT BARRIERS
690 _aLAND
942 _n0
948 _c19/03/1997
999 _c48520
_d48520